000 00729nam a2200253 i 4500
001 C2-0232320
003 PPAK
005 20180728085509.0
008 010109s2000 my a|||| ||||| | may d
020 _a9835025029
040 _aPPAK
_beng
_cPPAK
_erda
082 0 4 _a398.22
_223
090 0 0 _a398.22
_bTIK
_dK
245 0 0 _aTikus membalas budi
264 1 _aJohor Bahru, Johor :
_bPenerbitan Pelangi ,
_c2000
300 _a24 pages :
_bcolour illustrations ;
_c22 cm
336 _2rdacontent
_atext
337 _2rdamedia
_aunmediated
338 _2rdacarrier
_avolume
490 1 _aDongeng perayaan masyarakat Cina
650 1 0 _aFolk literature, Malay
830 0 _aDongeng perayaan masyarakat Cina
942 _ddc
_cB
999 _c151542
_d151542